Sports Quiz

Random Sports or NFL Quiz

All Time Leaders matchup Quiz Stats

 Plays Quiz not verified by Sporcle

Score 0/32 Timer 12:00
0 Plays Today
% Correct
Dallas Cowboys
96.6%
Pittsburgh Steelers
90.8%
Green Bay Packers
86.2%
San Francisco 49ers
86.2%
Minnesota Vikings
85.1%
Buffalo Bills
85.1%
Indianapolis Colts
83.9%
Houston Texans
81.6%
Denver Broncos
79.3%
New York Giants
78.2%
Oakland Raiders
74.7%
Carolina Panthers
73.6%
Cincinnati Bengals
73.6%
Miami Dolphins
72.4%
Baltimore Ravens
72.4%
Kansas City Chiefs
72.4%
% Correct
Seattle Seahawks
71.3%
Washington Redskins
69%
Jacksonville Jaguars
67.8%
Detroit Lions
63.2%
San Diego Chargers
63.2%
St. Louis Rams
62.1%
Cleveland Browns
62.1%
New York Jets
58.6%
Philadelphia Eagles
55.2%
Arizona Cardinals
49.4%
Atlanta Falcons
49.4%
New Orleans Saints
46%
New England Patriots
46%
Chicago Bears
43.7%
Tennessee Titans
43.7%
Tampa Bay Buccaneers
40.2%

You're not logged in!

Compare scores with friends on all Sporcle quizzes.
OR
Log In

You Might Also Like...

Show Comments

Extras

Top Quizzes Today


Score Distribution

Your Account Isn't Verified!

In order to create a playlist on Sporcle, you need to verify the email address you used during registration. Go to your Sporcle Settings to finish the process.

Report this User

Report this user for behavior that violates our Community Guidelines.

Details: